| 000 | 01074nam a2200265Ia 4500 | ||
|---|---|---|---|
| 999 |
_c5334 _d5334 |
||
| 003 | OSt | ||
| 005 | 20200606225733.0 | ||
| 008 | 191128s1948 ck ad fr 000 0 spa d | ||
| 040 |
_aCO-JMCR _cCO-JMCR |
||
| 041 | 1 |
_aspa _heng |
|
| 082 | 0 | 4 |
_a330.01 / _bS425c _223 |
| 100 | 1 |
_aScott, H.M., _eautor _95157 |
|
| 245 | 1 | 0 |
_aCurso elemental de economía / _cH.M. Scott ; versión española de Javier Márquez |
| 250 | _aTercera edición | ||
| 260 |
_aBogotá : _bFondo de Cultura Económica, _c1948 |
||
| 300 |
_a197 páginas : _bgráficos a blanco y negro, _c20 cm. |
||
| 490 | 0 | _aSección de obras de economía | |
| 505 | 0 | _aCooperación, producción y mercado -- Cómo se fijan los precios: demanda -- Cómo se fijan los precios: oferta -- Los factores de la producción -- Cómo se combinan los factores -- Organización de la industria -- Dinero y crédito | |
| 534 | _pThe approach to economics | ||
| 546 | _aTraducido del inglés | ||
| 650 | 1 | 4 |
_aEconomía _95158 |
| 650 | 1 | 4 |
_aMercados _91067 |
| 700 | 1 |
_aMárquez, Javier, _etraductor _94628 |
|
| 942 |
_2ddc _cBK |
||